Eines per a la formació política de les dones / autores: Carmen Alonso Higuera ... [et al.] Carmen Alonso Higuera ... [et al.]
ISBN:
978-84-9803-453-0
Publicado:
Barcelona :
Diputació de Barcelona. Àrea d'Igualtat i Ciutadania. Oficina de Promoció de Polítiques d'Igualtat Dona-Home ,
2011
Descripción Física:
277 p. ; 29 cm
Otros Autores:
Alonso Higuera, Carmen
Materias:
Dones en la política -- Formació
MARC
| LEADER | 00000nam a2200000Ia 4500 | ||
|---|---|---|---|
| 001 | 23322 | ||
| 008 | 160829s2011 xx 000 0 cat d | ||
| 020 | |a 978-84-9803-453-0 | ||
| 080 | |a M-6-413 | ||
| 245 | |a Eines per a la formació política de les dones / autores: |b Carmen Alonso Higuera ... [et al.] | ||
| 260 | |a Barcelona : |b Diputació de Barcelona. Àrea d'Igualtat i Ciutadania. Oficina de Promoció de Polítiques d'Igualtat Dona-Home, |c 2011 | ||
| 300 | |a 277 p. ; |c 29 cm | ||
| 490 | |a Documents de treball. Igualtat i ciutadania ; 20 | ||
| 590 | |a Bibliografia | ||
| 650 | |a Dones en la política |x Formació |9 45206 | ||
| 700 | |a Alonso Higuera, Carmen |9 48680 | ||
| 710 | 1 | |a Barcelona (Catalunya : Província). |b Oficina de Promoció de Polítiques d'Igualtat Dona-Home |9 54960 | |
| 901 | |a Arxiu | ||
| 942 | |n 1 | ||
| 952 | |0 0 |1 0 |4 0 |6 M6413 |7 1 |9 54763 |a Arxiu |b Arxiu |d 2011-11-11 |l 0 |o M-6-413 |p 23322 |r 2016-12-01 00:00:00 |w 2016-12-01 |y ARXIU | ||
| 999 | |c 58632 |d 58632 | ||